| 000 | 00610nam a2200181 a 4500 | ||
|---|---|---|---|
| 008 | 090112s2008 ||||||||||||||||| || u | ||
| 020 | _a9780415351157 | ||
| 050 | _aTC 160 Kay | ||
| 100 | _aKay, Melvyn | ||
| 245 | 1 | 0 |
_aPractical hydraulics. -- 2nd ed. _cMelvyn Kay |
| 250 | _a2nd ed. | ||
| 260 |
_aLondon: _bTaylor & Francis _c2008 |
||
| 300 | _axii, 253p.: ill. | ||
| 350 | _a0.00 | ||
| 650 | _aENGINEERING | ||
| 650 | _aHYDRAULICS | ||
| 995 |
_D0.00 _FCBU-MAIN LIBRARY (Kitwe) _H1 _I0.00 _M1 _UAVAILABLE _WFeb 12, 2009 _ZMain Library Open Access Collection |
||
| 999 |
_c54254 _d54254 |
||